000 00624nam a2200253 a 4500
001 0001-1041
003 ELIB.Books
008 141121 2010 eng
020 _aKBTS
035 _a(ELIB.Books)0001-1195
092 _a297
_bNao
100 _aNaomani, Mohammad Manzoor.
245 _aWhat Islam Is?
250 _a3rd Editions
260 _aIslamabad
_bDaw'ah Academy
_c2004
300 _a134
_c21.5 Cm
500 _aTaylor, Saw.
650 _aIslam: Religion
856 _nKBTS; Library
_uKBTS; Elib.
942 _2ddc
_cBK
990 _a1
998 _cbat
_e2014-11-21
999 _c11041
_d11041